000 01021cam a2200289 i 4500
001 bg
003 KOSZ 005
005 20200408130726.0
008 060420s2002 pl a f f |000 0 pol
015 _aPB 6677/2002
020 _a830114291X
020 _a8301142936
040 _cKOSZ 005/HR
_aWA N
_dKOSZ 005/HR
080 _a519.2
080 _a(075.8)
245 0 0 _aRachunek prawdopodobieństwa i statystyka matematyczna w zadaniach.
_nCz.1,
_pRachunek prawdopodobieństwa /
_cW. Krysicki [et al.].
250 _aWyd. 9, 3 dodr.
260 _aWarszawa :
_bWydawnictwo Naukowe PWN,
_c2002.
300 _a255, [1] s. :
_bil. ;
_c24 cm.
504 _aBibliogr. Indeks.
655 4 _aPodręczniki akademickie
650 4 _aRachunek prawdopodobieństwa
710 2 _aWydawnictwo Naukowe PWN
_4pbl.
700 1 _aKrysicki, Włodzimierz
_d(1905-2001)
_eAutor
856 _uhttp://koha.tu.koszalin.pl/cgi-bin/koha/opac-detail.pl?biblionumber=51608
_yKatalog online BPK
942 _cKS
_2UKD
999 _c51608
_d51608